000 00579nam a2200193Ia 4500
008 240729s9999 xx 000 0 und d
022 _a1687-9716
245 0 _aInternational Journal of Ecology
260 _aUnited Kingdom
260 _bHindawi Limited
650 _a Biology (General)
650 _a Ecology | Science
650 _a General. Including nature conservation, geographical distribution
650 _a Natural history (General)
650 _aScience
856 _uhttps://doaj.org/toc/4c98eab2f2c14bc3a7a3b4a69e0a536b
942 _2ddc
942 _cDOAJEJ
999 _c71684
_d71684
945 _a1
_bMadushi Gamage
_c1
_dMadushi Gamage